Who's That Greek God? II Quiz Stats

 Plays Quiz Updated Jun 14, 2017

Support Sporcle.
Go Orange.
Score 0/15 Timer 02:00
5 Plays Today
Question Answer Wrong Answers
Goddess of victory Nike
88.5%
Hecate
2.6%
Leto
1.9%
Themis
2.5%
God of love Eros
88.4%
Phobos
2.6%
Heracles
1.2%
Asclepius
3.3%
God of fear Phobos
85.9%
Pan
3.5%
Asclepius
3.6%
Eros
2.5%
Goddess of peace Harmonia
84.4%
Eris
3.5%
Iris
4.5%
Themis
3.1%
God of strength Heracles
83.8%
Zelos
5.8%
Pan
1.3%
Ganymede
4.4%
God of medicine Asclepius
80.3%
Phobos
7.9%
Eros
2.9%
Pan
4.1%
God of nature Pan
79.3%
Zelos
5.1%
Ganymede
8.8%
Heracles
2%
Goddess of rainbows Iris
79.2%
Leto
5.2%
Nike
2.8%
Eris
8.2%
Goddess of magic Hecate
71.3%
Nike
3.7%
Themis
10.3%
Hebe
9.8%
God of rivalry Zelos
68.9%
Asclepius
14.8%
Eros
6.1%
Heracles
5.3%
Cupbearer of the gods Ganymede
66.5%
Zelos
10.2%
Heracles
5.5%
Pan
12.8%
Goddess of law Themis
61.5%
Harmonia
16.6%
Iris
3.8%
Hebe
13.4%
Goddess of motherhood Leto
51.3%
Harmonia
10%
Iris
11.1%
Hecate
22.9%
Goddess of strife Eris
50%
Themis
19%
Harmonia
7%
Hebe
19.2%
Goddess of youth Hebe
47.8%
Hestia
20.2%
Leto
14.9%
Eris
12.3%

You're not logged in!

Compare scores with friends on all Sporcle quizzes.
OR
Log In
Forgot?

From the Vault

5 to 1: World Borders

by mg10

Normally borders are a 1:1 deal.
Remove Ads.
Support Sporcle.
Get the best of Sporcle when you Go Orange. This ad-free experience offers more features, more stats, and more fun while also helping to support Sporcle. Thank you for becoming a member.

Show Comments

Extras

Top Quizzes Today


Score Distribution

Your Account Isn't Verified!

In order to create a playlist on Sporcle, you need to verify the email address you used during registration. Go to your Sporcle Settings to finish the process.

Report this User

Report this user for behavior that violates our Community Guidelines.

Details: